000 00882nam a2200265 i 4500
001 9573
003 ES-MaACL
005 20230906145718.0
007 t|
008 931110s1992 sp ||||1| spa d
020 _a84-481-0036-0
080 _a573.5
100 1 _aAlfonseca, Manuel.
_919843
245 1 3 _aLa Vida en otros mundos
_b: a la búsqueda de inteligencia extraterrestre /
_cManuel Alfonseca ; prólogo de Enric Trillas.
260 _aMadrid :
_bMcGraw-Hill,
_cD.L.1992.
300 _a231, [8] p. de lám. col. :
_bil. ;
_c21 cm.
490 1 _aSerie McGraw-Hill de divulgación científica
500 _aIndice.
504 _aBibliografía: p. 131-135.
650 1 4 _aExobiología.
_912682
700 1 _aTrillas, Enric.
_9111427
830 0 _aSerie McGraw-Hill de divulgación científica
_9178515
852 _aES-MaACL
_jL-17110
_bR.122036
999 _c9573
_d9573